000 00660nam a2200277Ia 4500
001 Z_4728
003 CHAP
008 220113s1978 xx 000 0 und d
010 _a167777
040 _cCHAP
082 _a636.5 J4y
100 _aJeroch, Heinz
_961389
245 _aNutrición de aves /
_cpor Heinz Jeroch y Gerhard Flachowsky
260 _aZaragoza :
_bAcribia,
_c1978
300 _a174 p. + anexo
440 _a
500 _a
503 _aC/E
650 _aAves de corral
_xNutrición I. Flachowsky, Gerhard II. t.
_9142052
901 _a636.5 J4y
902 _aA
910 _a1978
942 _c1
942 _cc1
999 _c167777
_d167777